000 00724cam a2200241u 4500
001 33952
003 BD-RjUL
005 20211209052102.0
008 140512s1955 enkab 000 0 eng d
035 _a(BD-RjUL)34044
040 _aDLC
_cCarP
_dBD-RjUL
_beng
041 _aeng
082 _a304.601
_bPOW 1964
110 2 _aPolitical and Economic Planning.
_9103190
245 1 0 _aWorld population and resources :
_ba report /
260 _aLondon :
_bDistributed by Allen & Unwin,
_c1955 [Impression 1964].
300 _axxxvii, 339 p. :
_bmaps, diagrs., tables. ;
_c23 cm.
650 0 _aPopulation.
_9103188
650 0 _aNatural resources.
_9103189
942 _2ddc
_cBK
999 _c33952
_d33952